[Event "Lisbon Portugal rapid op"]
[Site "Lisbon"]
[Date "2022.09.03"]
[Round "6"]
[White "Leao, Tiago Miguel da S"]
[Black "Marques, Rui Filipe Pereira"]
[Result "1-0"]
[WhiteElo "2155"]
[BlackElo "1857"]
[PlyCount "67"]
[EventDate "2022.09.03"]
[EventType "swiss (rapid)"]
[EventRounds "11"]
[EventCountry "POR"]
[SourceTitle "CBM 210 Extra"]
[Source "ChessBase"]
[SourceDate "2022.11.30"]
[SourceVersion "1"]
[SourceVersionDate "2022.11.30"]
[SourceQuality "1"]

1. d4 d5 2. Bf4 Nf6 3. e3 e6 4. c3 Bd6 5. Bg3 0-0 6. Bd3 c5 7. Nd2 Qc7 8. Bxd6 Qxd6 9. f4 cxd4 10. cxd4 b6 11. Ngf3 Ba6 12. Qe2 Bxd3 13. Qxd3 Nc6 14. a3 Rac8 15. 0-0 Na5 16. Rac1 Qb8 17. Ne5 Rxc1 18. Rxc1 Rc8 19. Rc3 Nb7 20. Nc6 Rxc6 21. Rxc6 Na5 22. Rc3 g6 23. Qb5 Kg7 24. h3 Nb7 25. Qc6 Na5 26. Qc7 Qe8 27. Qxa7 Qb5 28. Rc7 Qe2 29. Rxf7+ Kh6 30. Nf1 Nc4 31. Rxf6 Nxe3 32. Nxe3 Qxe3+ 33. Kh2 Qxd4 34. Rf7 1-0

[Event "Lisbon Portugal rapid 2op"]
[Site "Lisbon"]
[Date "2020.02.02"]
[Round "5"]
[White "Leao, Tiago Miguel da S"]
[Black "Sousa, Andre Ventura"]
[Result "0-1"]
[WhiteElo "2141"]
[BlackElo "2392"]
[PlyCount "58"]
[EventDate "2020.01.02"]
[EventType "swiss (rapid)"]
[EventRounds "8"]
[EventCountry "POR"]
[SourceTitle "CBM 194 Extra"]
[Source "ChessBase"]
[SourceDate "2020.03.31"]
[SourceVersion "1"]
[SourceVersionDate "2020.03.31"]
[SourceQuality "1"]

1. d4 Nf6 2. Bf4 g6 3. Nf3 Bg7 4. e3 d6 5. Bd3 b6 6. Qe2 Bb7 7. Nbd2 Nd5 8. Bg3 Nb4 9. 0-0 Nxd3 10. cxd3 0-0 11. e4 c5 12. Nb3 a5 13. a4 Nc6 14. d5 Nb4 15. Rfc1 Rc8 16. d4 Ba6 17. Qd2 c4 18. Nxa5 bxa5 19. Rc3 f5 20. Bf4 fxe4 21. Ng5 Nxd5 22. Ne6 Qd7 23. Nxf8 Rxf8 24. Bh6 Nxc3 25. Bxg7 Kxg7 26. Qxc3 Qf5 27. d5+ Kg8 28. Qe3 Qxd5 29. Qb6 Bb7 0-1

[Event "Lisbon Portugal rapid 2op"]
[Site "Lisbon"]
[Date "2020.02.02"]
[Round "2"]
[White "Petrov, Nikita"]
[Black "Leao, Tiago Miguel da S"]
[Result "1-0"]
[WhiteElo "2592"]
[BlackElo "2141"]
[PlyCount "61"]
[EventDate "2020.01.02"]
[EventType "swiss (rapid)"]
[EventRounds "8"]
[EventCountry "POR"]
[SourceTitle "CBM 194 Extra"]
[Source "ChessBase"]
[SourceDate "2020.03.31"]
[SourceVersion "1"]
[SourceVersionDate "2020.03.31"]
[SourceQuality "1"]

1. d4 Nf6 2. c4 e6 3. Nc3 d5 4. cxd5 exd5 5. Bg5 Be7 6. e3 0-0 7. Bd3 c6 8. h3 Ne4 9. Bf4 Bf5 10. Qc2 Re8 11. Nge2 Bd6 12. 0-0 Bxf4 13. Nxf4 Bg6 14. Nxg6 hxg6 15. Bxe4 dxe4 16. Nxe4 Na6 17. a3 Nc7 18. Nc5 Rb8 19. Rac1 Nd5 20. Qe2 f5 21. Qf3 Nf6 22. Rfd1 Qc8 23. b4 g5 24. Qg3 g4 25. hxg4 Nxg4 26. d5 cxd5 27. Na6 bxa6 28. Rxc8 Rbxc8 29. Qd6 Rc2 30. Qxd5+ Kh8 31. Qxf5 1-0

[Event "Lisbon Portugal op"]
[Site "Lisbon"]
[Date "2019.02.03"]
[Round "3"]
[White "Tryggestad, Andreas Garberg"]
[Black "Leao, Tiago Miguel da S"]
[Result "1/2-1/2"]
[WhiteElo "2351"]
[BlackElo "2084"]
[PlyCount "86"]
[EventDate "2019.02.02"]
[EventType "swiss"]
[EventRounds "9"]
[EventCountry "POR"]
[SourceTitle "CBM 188 Extra"]
[Source "ChessBase"]
[SourceDate "2019.02.26"]
[SourceVersion "1"]
[SourceVersionDate "2019.02.26"]
[SourceQuality "1"]

1. d4 Nf6 2. c4 e6 3. Nf3 d5 4. Nc3 c6 5. g3 Bd6 6. Bg2 0-0 7. 0-0 Nbd7 8. Qd3 h6 9. b3 Qe7 10. e4 dxe4 11. Nxe4 e5 12. dxe5 Bxe5 13. Nxe5 Nxe5 14. Qd6 Qxd6 15. Nxd6 Rd8 16. Nxc8 Raxc8 17. Be3 Nfg4 18. Bxa7 Ra8 19. Bb6 Rd2 20. h3 Nd7 21. Bc7 Ngf6 22. a4 Nc5 23. b4 Ne6 24. Bb6 Rc2 25. c5 Nd4 26. Rfd1 Ne2+ 27. Kf1 Nc3 28. Rdc1 Rxa4 29. Bf3 Rxa1 30. Rxa1 Nfe4 31. Ra8+ Kh7 32. Bxe4+ Nxe4 33. Rb8 Rxf2+ 34. Ke1 Rf6 35. Rxb7 Nxg3 36. Bd8 Re6+ 37. Kf2 Ne4+ 38. Kf3 Kg6 39. Rd7 Nc3 40. Rd2 Kf5 41. Rd7 Kg6 42. Rd2 Kf5 43. Rd7 Kg6 1/2-1/2

[Event "Lisbon Portugal op"]
[Site "Lisbon"]
[Date "2019.02.02"]
[Round "1"]
[White "Leao, Tiago Miguel da S"]
[Black "McDonald, Margaret"]
[Result "1-0"]
[WhiteElo "2084"]
[BlackElo "1298"]
[PlyCount "95"]
[EventDate "2019.02.02"]
[EventType "swiss"]
[EventRounds "9"]
[EventCountry "POR"]
[SourceTitle "EXT 2021"]
[Source "ChessBase"]
[SourceDate "2020.10.23"]
[SourceVersion "1"]
[SourceVersionDate "2020.10.23"]
[SourceQuality "1"]

1. d4 d5 2. Nf3 Nf6 3. Bf4 e6 4. e3 c5 5. c3 Nbd7 6. Nbd2 b6 7. Bd3 Bb7 8. Ne5 a6 9. g4 Be7 10. g5 Ne4 11. Bxe4 dxe4 12. Ndc4 Nxe5 13. Nxe5 0-0 14. Rg1 f6 15. gxf6 Bxf6 16. Qh5 Qe8 17. Qxe8 Rfxe8 18. Nd7 Be7 19. Be5 g6 20. Nxb6 Rad8 21. Bc7 cxd4 22. exd4 e3 23. fxe3 Bh4+ 24. Ke2 Rf8 25. Bxd8 Rf2+ 26. Kd3 Bxd8 27. Nd7 Rxh2 28. Nc5 Bf3 29. Nxe6 Be2+ 30. Ke4 Rh4+ 31. Kd5 Be7 32. Rh1 Rg4 33. Rag1 h5 34. Rxg4 Bxg4 35. Rg1 Kf7 36. Rxg4 hxg4 37. Nf4 g5 38. Ng2 Kg6 39. Ke6 Bf6 40. e4 g3 41. e5 Bd8 42. c4 Kh5 43. Kf5 Bb6 44. c5 Bc7 45. e6 Bd8 46. d5 Be7 47. d6 Bf6 48. e7 1-0

[Event "Lisbon Portugal op"]
[Site "Lisbon"]
[Date "2018.02.09"]
[Round "9"]
[White "Silva, Mariana Sofia Teixe"]
[Black "Leao, Tiago Miguel da S"]
[Result "1/2-1/2"]
[WhiteElo "1901"]
[BlackElo "2099"]
[PlyCount "76"]
[EventDate "2018.02.03"]
[EventType "swiss"]
[EventRounds "9"]
[EventCountry "POR"]
[SourceTitle "EXT 2019"]
[Source "ChessBase"]
[SourceDate "2018.10.10"]
[SourceVersion "1"]
[SourceVersionDate "2018.10.10"]
[SourceQuality "1"]

1. e4 c5 2. Nf3 d6 3. d4 cxd4 4. Nxd4 Nf6 5. Nc3 g6 6. Be2 Bg7 7. 0-0 0-0 8. Bg5 a6 9. a4 b6 10. Re1 Bb7 11. Bf1 Nbd7 12. Nd5 e5 13. Nb3 Bxd5 14. exd5 Qc7 15. c4 Nc5 16. Nd2 Nfd7 17. b4 Nb7 18. Nb3 f5 19. f4 e4 20. Nd4 Bxd4+ 21. Qxd4 a5 22. bxa5 Rxa5 23. Kh1 Ndc5 24. Bh6 Rfa8 25. Re3 Rxa4 26. Rxa4 Rxa4 27. h4 Qf7 28. h5 Nd7 29. Be2 Qf6 30. Qd2 Qa1+ 31. Kh2 Ra2 32. Qb4 Qb2 33. Qe1 Ra1 34. Qh4 Qc1 35. Qe7 Qg1+ 36. Kg3 Qxe3+ 37. Bf3 Qe1+ 38. Kh2 Qg1+ 1/2-1/2

[Event "Lisbon Portugal op"]
[Site "Lisbon"]
[Date "2018.02.07"]
[Round "7"]
[White "Hapke, Ralf"]
[Black "Leao, Tiago Miguel da S"]
[Result "1/2-1/2"]
[WhiteElo "1859"]
[BlackElo "2099"]
[PlyCount "143"]
[EventDate "2018.02.03"]
[EventType "swiss"]
[EventRounds "9"]
[EventCountry "POR"]
[SourceTitle "EXT 2019"]
[Source "ChessBase"]
[SourceDate "2018.10.10"]
[SourceVersion "1"]
[SourceVersionDate "2018.10.10"]
[SourceQuality "1"]

1. e4 c5 2. Nf3 d6 3. d4 cxd4 4. Nxd4 Nf6 5. Nc3 g6 6. Be3 Bg7 7. f3 0-0 8. Qd2 Nc6 9. 0-0-0 d5 10. exd5 Nxd5 11. Nxc6 bxc6 12. Bd4 e5 13. Bc5 Be6 14. Ne4 Nb6 15. Qxd8 Rfxd8 16. Rxd8+ Rxd8 17. Be2 Bh6+ 18. Kb1 f5 19. Nc3 Bd2 20. Rd1 Rd7 21. g4 Bxc3 22. bxc3 Nd5 23. Kc1 Nxc3 24. Rxd7 Nxe2+ 25. Kd2 Bxd7 26. Kxe2 fxg4 27. Bxa7 gxf3+ 28. Kxf3 Kf7 29. a4 Bf5 30. c3 Ke6 31. a5 Kd5 32. Ke3 c5 33. Bb8 c4 34. a6 Bc8 35. a7 Bb7 36. h4 Ke6 37. Bc7 Kf5 38. Bd6 Bc6 39. Bc7 h6 40. Bd6 g5 41. hxg5 hxg5 42. Be7 Bb7 43. Bd8 g4 44. Bh4 Ke6 45. Bg3 Kd5 46. Bh2 e4 47. Bg3 Kc5 48. Be5 Kb5 49. Kf4 Ka4 50. Bd4 Kb3 51. Kxg4 Kc2 52. Kf4 Kd3 53. Kg3 Kc2 54. Kf2 Kd2 55. Be3+ Kxc3 56. Ke2 Bc6 57. Kd1 Kd3 58. Bc1 e3 59. Ke1 c3 60. Ba3 Bf3 61. Bc1 c2 62. Ba3 Bg2 63. Bc1 Be4 64. Ba3 Bb7 65. Bc1 Bf3 66. Ba3 Kc3 67. Bc1 Kb3 68. Bxe3 Kb2 69. Kf2 Bb7 70. Ke2 Bc6 71. Kd3 c1Q 72. Bxc1+ 1/2-1/2

[Event "Lisbon Portugal op"]
[Site "Lisbon"]
[Date "2018.02.04"]
[Round "4"]
[White "Leao, Tiago Miguel da S"]
[Black "Martin Duque, Jesus"]
[Result "1/2-1/2"]
[WhiteElo "2099"]
[BlackElo "2346"]
[PlyCount "148"]
[EventDate "2018.02.03"]
[EventType "swiss"]
[EventRounds "9"]
[EventCountry "POR"]
[SourceTitle "CBM 182 Extra"]
[Source "ChessBase"]
[SourceDate "2018.02.23"]
[SourceVersion "1"]
[SourceVersionDate "2018.02.23"]
[SourceQuality "1"]

1. e4 c5 2. Nf3 e6 3. d4 cxd4 4. Nxd4 Nc6 5. Be3 Qc7 6. Be2 Nf6 7. Nc3 Be7 8. 0-0 0-0 9. f4 d6 10. Nb3 a6 11. a4 b6 12. Nd2 Rb8 13. Bf3 Re8 14. Bf2 Bf8 15. Re1 g6 16. Qe2 Nb4 17. e5 dxe5 18. Qxe5 Qxe5 19. fxe5 Nd7 20. Rac1 Bb7 21. Nde4 Be7 22. Bg3 Nd5 23. Nxd5 Bxd5 24. c4 Bxe4 25. Bxe4 Nc5 26. Bc2 a5 27. Rcd1 Red8 28. Kf2 h5 29. Kf3 Kf8 30. Bf2 Ke8 31. Rxd8+ Rxd8 32. Rd1 Rxd1 33. Bxd1 Nd3 34. Bd4 Bc5 35. Bc3 Nf2 36. Bc2 Ng4 37. h3 Ne3 38. Bb3 Nf5 39. Bc2 Nd4+ 40. Bxd4 Bxd4 41. Kf4 Bxb2 42. Be4 Kd7 43. Bb7 Kc7 44. Ba6 Kd7 45. Bb5+ Ke7 46. Ke4 Kf8 47. Bc6 Kg7 48. Be8 g5 49. Bd7 g4 50. hxg4 hxg4 51. Bc6 Bc1 52. Bd7 Kg6 53. Be8 Bh6 54. Bc6 Kg7 55. Bd7 Kf8 56. Bc6 Ke7 57. Bb5 Bd2 58. Bc6 Be1 59. Bb5 Bg3 60. Bc6 f5+ 61. exf6+ Kxf6 62. Bd7 Ke7 63. Bb5 Kd6 64. Be8 Kc5 65. Bd7 Kb4 66. Bb5 Kb3 67. Kd3 Bd6 68. Ke4 Kb4 69. Bd7 g3 70. Bb5 Kb3 71. Kd3 Kb4 72. Bd7 Kb3 73. Bb5 Kb4 74. Bd7 Kb3 1/2-1/2

[Event "Lisbon Portugal op"]
[Site "Lisbon"]
[Date "2018.02.03"]
[Round "1"]
[White "Coimbra, Joao Marcial Ferrei"]
[Black "Leao, Tiago Miguel da S"]
[Result "0-1"]
[WhiteElo "1403"]
[BlackElo "2099"]
[PlyCount "100"]
[EventDate "2018.02.03"]
[EventType "swiss"]
[EventRounds "9"]
[EventCountry "POR"]
[SourceTitle "EXT 2019"]
[Source "ChessBase"]
[SourceDate "2018.10.10"]
[SourceVersion "1"]
[SourceVersionDate "2018.10.10"]
[SourceQuality "1"]

1. c3 Nf6 2. d3 d5 3. Nf3 c5 4. h3 Nc6 5. Bg5 e5 6. Qa4 Qc7 7. Bxf6 gxf6 8. Nbd2 Bd7 9. Qb3 Be6 10. c4 d4 11. Qa4 Be7 12. g4 h5 13. Bg2 hxg4 14. hxg4 Rxh1+ 15. Bxh1 Bxg4 16. 0-0-0 0-0-0 17. Rg1 f5 18. Kb1 Rh8 19. Qd1 Bf6 20. Bg2 Nd8 21. Rh1 Rg8 22. Bh3 Ne6 23. Bxg4 fxg4 24. Ne1 Bg5 25. Ne4 f5 26. Ng3 Rf8 27. Nc2 Nf4 28. Nxf5 Rxf5 29. Qg1 Qd7 30. Qxg4 Bd8 31. Qf3 Qc6 32. Rd1 Qxf3 33. exf3 Nh3 34. Ne1 Bg5 35. Kc2 Nxf2 36. Rb1 Bf4 37. b4 cxb4 38. Rxb4 Rg5 39. Kb3 Rg1 40. Nc2 Nxd3 41. Rb5 Rb1+ 42. Ka4 Nb2+ 43. Kb4 b6 44. Rd5 Nd3+ 45. Ka3 Bc1+ 46. Ka4 Nc5+ 47. Rxc5+ bxc5 48. Ne1 Rb4+ 49. Ka5 Bd2 50. Nd3 Rb3+ 0-1

[Event "POR-chT"]
[Site "Leiria"]
[Date "2017.07.20"]
[Round "6.2"]
[White "Trindade, Rui Jorge Rodrigues"]
[Black "Leao, Tiago Miguel da S"]
[Result "0-1"]
[WhiteElo "2033"]
[BlackElo "2075"]
[PlyCount "78"]
[EventDate "2017.07.17"]
[EventType "team-tourn"]
[EventRounds "9"]
[EventCountry "POR"]
[SourceTitle "CBM 179 Extra"]
[Source "ChessBase"]
[SourceDate "2017.08.23"]
[SourceVersion "1"]
[SourceVersionDate "2017.08.23"]
[SourceQuality "1"]
[WhiteTeam "Amanha da Crianca"]
[BlackTeam "Sporting Clube Portugal"]
[WhiteTeamCountry "POR"]
[BlackTeamCountry "POR"]

1. e4 c5 2. Nf3 d6 3. d4 cxd4 4. Nxd4 Nf6 5. Nc3 g6 6. Bc4 Bg7 7. Be3 0-0 8. f3 Nc6 9. Qd2 Bd7 10. 0-0-0 Rc8 11. Bb3 Ne5 12. h4 h5 13. g4 hxg4 14. f4 Nc4 15. Bxc4 Rxc4 16. f5 Rxc3 17. Qxc3 Nxe4 18. Qe1 gxf5 19. h5 e5 20. h6 Bf6 21. h7+ Kh8 22. Nb3 Bc6 23. Na5 d5 24. Bh6 Bg5+ 25. Kb1 Re8 26. Rh5 Qf6 27. Bxg5 Nxg5 28. Qh4 Ne4 29. Qxf6+ Nxf6 30. Rxf5 Re6 31. Rdf1 Ne4 32. Rg1 Rf6 33. Rxe5 Nd2+ 34. Kc1 Nf3 35. Rf1 g3 36. Re2 Nd4 37. Ree1 Rxf1 38. Rxf1 g2 39. Re1 g1Q 0-1

[Event "POR-ch U20"]
[Site "Luso"]
[Date "2017.04.11"]
[Round "6"]
[White "Leao, Tiago Miguel da S"]
[Black "Fernandes, Miguel A Murtinho"]
[Result "1/2-1/2"]
[WhiteElo "2079"]
[BlackElo "2021"]
[PlyCount "82"]
[EventDate "2017.04.08"]
[EventType "swiss"]
[EventRounds "7"]
[EventCountry "POR"]
[SourceTitle "EXT 2018"]
[Source "ChessBase"]
[SourceDate "2017.10.13"]
[SourceVersion "1"]
[SourceVersionDate "2017.10.13"]
[SourceQuality "1"]

1. e4 c5 2. Nf3 a6 3. d4 cxd4 4. Nxd4 e5 5. Nb3 Nf6 6. Bd3 Bb4+ 7. c3 Be7 8. 0-0 0-0 9. Qe2 Nc6 10. Rd1 d6 11. h3 Be6 12. N1d2 Qc7 13. Nf1 Rad8 14. Ng3 g6 15. Be3 d5 16. Bc5 dxe4 17. Bxe7 Nxe7 18. Nxe4 Nxe4 19. Bxe4 f5 20. Bc2 Bc4 21. Qe3 b6 22. Nd2 Nd5 23. Qe1 Bb5 24. c4 Nb4 25. Bb3 Be8 26. c5+ Bf7 27. cxb6 Qxb6 28. Nc4 Qb8 29. Qxe5 Qxe5 30. Nxe5 Bxb3 31. axb3 Rfe8 32. Rxd8 Rxd8 33. Ra4 Rd1+ 34. Kh2 Nd3 35. Nxd3 Rxd3 36. Rxa6 Rxb3 37. Ra2 Kg7 38. Kg1 Kf6 39. Kf1 f4 40. Ke1 Rb5 41. Kd2 f3 1/2-1/2

[Event "Lisbon Portugal op"]
[Site "Lisbon"]
[Date "2017.02.07"]
[Round "6"]
[White "Martin Duque, Jesus"]
[Black "Leao, Tiago Miguel da S"]
[Result "1-0"]
[WhiteElo "2312"]
[BlackElo "2044"]
[PlyCount "70"]
[EventDate "2017.02.04"]
[EventType "swiss"]
[EventRounds "9"]
[EventCountry "POR"]
[SourceTitle "CBM 176 Extra"]
[Source "ChessBase"]
[SourceDate "2017.03.02"]
[SourceVersion "1"]
[SourceVersionDate "2017.03.02"]
[SourceQuality "1"]

1. e4 c5 2. Ne2 d6 3. g3 Nc6 4. Bg2 g6 5. c3 Bg7 6. d4 cxd4 7. cxd4 e6 8. Nbc3 Nge7 9. 0-0 0-0 10. Be3 d5 11. f3 b6 12. Qd2 Ba6 13. Rfd1 Na5 14. b3 Rc8 15. Rac1 Qd6 16. Bh3 Rfd8 17. Nf4 Rc6 18. e5 Qb4 19. Rc2 Rdc8 20. Rdc1 Bc4 21. bxc4 Nxc4 22. Qf2 Nxe3 23. Qxe3 Bh6 24. Qd3 Qa3 25. Bf1 Nf5 26. Ncxd5 Qxc1 27. Rxc1 Rxc1 28. Nf6+ Kg7 29. Ne4 Bxf4 30. gxf4 R8c2 31. d5 exd5 32. Nf2 d4 33. e6 fxe6 34. Qe4 Rxf1+ 35. Kxf1 Rc1+ 1-0

[Event "POR-chT"]
[Site "Porto"]
[Date "2016.08.18"]
[Round "6.16"]
[White "Starostits, Ilmars"]
[Black "Leao, Tiago Miguel da S"]
[Result "1-0"]
[WhiteElo "2444"]
[BlackElo "2041"]
[PlyCount "72"]
[EventDate "2016.08.14"]
[EventType "team-tourn"]
[EventRounds "9"]
[EventCountry "POR"]
[SourceTitle "CBM 173 Extra"]
[Source "ChessBase"]
[SourceDate "2016.08.29"]
[SourceVersion "1"]
[SourceVersionDate "2016.08.29"]
[SourceQuality "1"]
[WhiteTeam "Dias Ferreira"]
[BlackTeam "Sporting Clube Portugal"]
[WhiteTeamCountry "POR"]
[BlackTeamCountry "POR"]

1. d4 d5 2. c4 c6 3. Nf3 e6 4. e3 Nf6 5. b3 Nbd7 6. Bd3 Bd6 7. Bb2 Ne4 8. 0-0 0-0 9. Qc2 f5 10. Ne5 Bxe5 11. dxe5 Ndc5 12. Be2 b6 13. cxd5 cxd5 14. b4 Na6 15. f3 Ng5 16. Qa4 Nc7 17. Qb3 Bd7 18. a4 b5 19. a5 Qe7 20. a6 f4 21. Bd4 fxe3 22. Bc5 Qf7 23. Qxe3 Qf4 24. Qxf4 Rxf4 25. Be3 Rf5 26. Bd3 Nf7 27. Bxf5 exf5 28. Bc5 Ne6 29. f4 g5 30. fxg5 Nxe5 31. Nc3 Nxc5 32. bxc5 Rc8 33. Nxd5 Rxc5 34. Nf6+ Kg7 35. Rac1 Rxc1 36. Rxc1 Bc6 1-0

[Event "Coimbra Queima das Fitas op"]
[Site "Coimbra"]
[Date "2016.04.25"]
[Round "7"]
[White "Leao, Tiago Miguel da S"]
[Black "Furtado, Dinis"]
[Result "1-0"]
[WhiteElo "2023"]
[BlackElo "1766"]
[PlyCount "32"]
[EventDate "2016.04.22"]
[EventType "swiss"]
[EventRounds "7"]
[EventCountry "POR"]
[SourceTitle "EXT 2018"]
[Source "ChessBase"]
[SourceDate "2017.10.13"]
[SourceVersion "1"]
[SourceVersionDate "2017.10.13"]
[SourceQuality "1"]

1. e4 d5 2. exd5 Qxd5 3. Nc3 Qd6 4. d4 Nf6 5. Bc4 c6 6. h3 Bf5 7. Nf3 e6 8. 0-0 h6 9. Ne5 Qc7 10. Re1 Be7 11. Bf4 Qa5 12. Qe2 Nbd7 13. Nxf7 Nd5 14. Bxd5 cxd5 15. Nxh8 0-0-0 16. Nf7 Rf8 1-0

[Event "Coimbra Queima das Fitas op"]
[Site "Coimbra"]
[Date "2016.04.24"]
[Round "4"]
[White "Silva, Ana Ines Teixeira D"]
[Black "Leao, Tiago Miguel da S"]
[Result "0-1"]
[WhiteElo "1761"]
[BlackElo "2023"]
[PlyCount "78"]
[EventDate "2016.04.22"]
[EventType "swiss"]
[EventRounds "7"]
[EventCountry "POR"]
[SourceTitle "EXT 2018"]
[Source "ChessBase"]
[SourceDate "2017.10.13"]
[SourceVersion "1"]
[SourceVersionDate "2017.10.13"]
[SourceQuality "1"]

1. e4 c5 2. Nc3 d6 3. g3 g6 4. Bg2 Bg7 5. d3 Nc6 6. f4 Rb8 7. Be3 b5 8. Qd2 b4 9. Nd1 Nd4 10. c3 bxc3 11. bxc3 Nb5 12. a4 Nc7 13. Nf3 Nh6 14. h3 f5 15. 0-0 Nf7 16. exf5 gxf5 17. d4 Ne6 18. Re1 cxd4 19. cxd4 Nc5 20. Nf2 Ne4 21. Nxe4 fxe4 22. Ng5 d5 23. Nxf7 Kxf7 24. g4 Ba6 25. f5 Qb6 26. g5 Qb2 27. Qd1 Bd3 28. Qh5+ Kf8 29. f6 exf6 30. gxf6 Bxf6 31. Qxd5 Rg8 32. Qd6+ Kf7 33. Qd7+ Kg6 34. Qg4+ Kf7 35. Qd7+ Kg6 36. Qg4+ Kf7 37. Qh5+ Rg6 38. Qd5+ Kg7 39. Qd7+ Kh8 0-1

[Event "Portugal op"]
[Site "Oeiras"]
[Date "2015.08.31"]
[Round "3"]
[White "Rego, Pedro Filipe"]
[Black "Leao, Tiago Miguel da S"]
[Result "1-0"]
[WhiteElo "2236"]
[BlackElo "1969"]
[PlyCount "118"]
[EventDate "2015.08.30"]
[EventType "swiss"]
[EventRounds "9"]
[EventCountry "POR"]
[SourceTitle "EXT 2016"]
[Source "ChessBase"]
[SourceDate "2015.10.08"]
[SourceVersion "1"]
[SourceVersionDate "2015.10.08"]
[SourceQuality "1"]

1. Nf3 Nf6 2. c4 d5 3. d4 e6 4. Bg5 Be7 5. Nc3 0-0 6. e3 Nbd7 7. cxd5 exd5 8. Qc2 b6 9. Bd3 Bb7 10. 0-0 Ne4 11. Bf4 f5 12. Nb5 g5 13. Qxc7 Ba6 14. Qxd8 Raxd8 15. Bc7 Rc8 16. Rfc1 Nec5 17. dxc5 Nxc5 18. Bxf5 Rxf5 19. Bd6 Bf6 20. Nbd4 Bxd4 21. Nxd4 Rf6 22. Be7 Rf7 23. Bxg5 Rxf2 24. Kxf2 Nd3+ 25. Kg3 Rxc1 26. Rxc1 Nxc1 27. e4 Nxa2 28. exd5 Nb4 29. d6 Bc8 30. Nb5 a6 31. Nc7 Nd3 32. Bf6 Nc5 33. Kf3 Kf7 34. Bc3 Bb7+ 35. Ke3 Bxg2 36. Bb4 Nd7 37. Nxa6 Ke6 38. Nc7+ Ke5 39. Nb5 Kd5 40. Nd4 Bh3 41. Ne2 Kc6 42. Kf4 Kd5 43. Kg5 Ke4 44. Bc3 Be6 45. Kh6 Bc4 46. Ng3+ Kd5 47. Kxh7 Kxd6 48. Kg7 Bd3 49. h4 Kd5 50. Nh5 Kc4 51. Nf4 Bc2 52. h5 Nc5 53. h6 b5 54. Ng6 Ne6+ 55. Kf6 b4 56. h7 bxc3 57. bxc3 Nf8 58. h8Q Nxg6 59. Qc8+ Kd3 1-0